|
|
|
|
| LEADER |
00000nab a2200000 a 4500 |
| 001 |
vtls000117662 |
| 003 |
SK-MaSNL |
| 005 |
20260305044005.0 |
| 008 |
250422c1981 xo 0 slo |
| 015 |
|
|
|a SNBRB19rr/mm-uuuuu
|
| 035 |
|
|
|a CL0127767
|
| 035 |
|
|
|a urn:nbn:sk:snk-ab2flq
|
| 035 |
|
|
|a (urnnbn)urn:nbn:sk:snk:ar-a02d2r
|
| 035 |
|
|
|a (uuid)960bc524-7a2e-4258-ace0-4bfa9d32e36b
|
| 040 |
|
|
|a SNKBUCL
|b slo
|c SNKBUCL
|e AACR2
|
| 041 |
0 |
|
|a slo
|
| 044 |
|
|
|a xo
|c SK
|
| 080 |
|
|
|a 801
|2 1981
|
| 080 |
|
|
|a 808.54
|2 1981
|
| 080 |
|
|
|a 808.50
|2 1981
|
| 080 |
|
|
|a 803
|2 1981
|
| 100 |
1 |
|
|a Ružička, Jozef,
|d 1916-1989
|4 aut
|9 86113
|
| 245 |
1 |
0 |
|a Jazykověda a příprava učitelů jazyků
|c Jozef Ružička ; Miloslav Kubík, Wilhelm Schmidt
|
| 650 |
0 |
7 |
|a všeobecná lingvistika
|2 snkbucl
|9 51563
|
| 650 |
0 |
7 |
|a spisovný jazyk
|2 snkbucl
|9 1367
|
| 650 |
0 |
7 |
|a jazyk národný
|2 snkbucl
|9 1219141
|
| 655 |
|
7 |
|a články z novín a časopisov
|2 snkbucl
|9 267496
|
| 700 |
1 |
|
|a Kubík, Miloslav
|4 aut
|9 281453
|
| 700 |
1 |
|
|a Schmidt, Wilhelm
|4 aut
|9 381760
|
| 773 |
0 |
|
|t Slavica slovaca
|g Roč. 16, č. 3 (1981), s. 299-300
|
| 787 |
0 |
8 |
|i Rec.:
|a Kubík, Miloslav
|t Jazykověda a příprava učitelů jazyků
|d Praha : Univerzita Karlova, 1980
|
| 850 |
|
|
|a Slovenská národná knižnica
|
| 852 |
|
|
|a Slovenská národná knižnica
|
| 954 |
|
|
|a odborná, vedecká literatúra pôvodná (slovenská)
|2 lita
|
| 958 |
|
|
|a article27
|
| 958 |
|
|
|a RK
|
| 958 |
|
|
|a CZ
|
| 958 |
|
|
|a OND
|
| 958 |
|
|
|a EUIPO
|
| 992 |
|
|
|a RBX
|
| 999 |
|
|
|c 3356021
|d 3357951
|